00447nam a2200157Ia 4500001000500000005001700005008004100022041000800063082001700071100003800088245011000126260000900236300002800245650000800273654000800281962220260306161732.0260306t2000||||xx |||||||||||||| ||spa|| aESP a382.753bP59 aPineda Vásquez, Blanca LuzeAUT 0aSistema de preferencias arancelarias de la comunidad andina:bla integración económica hecha realidad c2000 a448 páginas :c20 cm. aGEN aCAN